Catalog

Record Details

Catalog Search



Stručná mluvnice česká  Cover Image Book Book

Stručná mluvnice česká / Bohuslav Havráne, Alois Jedlička

Havránek, Bohuslav (Author). Jedlička, Alois (Added Author).

Record details

  • ISBN: 80-04-26228-7
  • Physical Description: 223 s.
  • Edition: 24. upravené vyd.
  • Publisher: Praha Státní pedagogické nakladelství 1992

Available copies

  • 1 of 1 copy available at Common Catalog SPOK.

Holds

  • 0 current holds with 1 total copy.
Show Only Available Copies
Location Call Number / Copy Notes Barcode Shelving Location Status Due Date
ETS Library 491.865 424470008361 Volný výběr Available -

LDR 00740nam a2 00265
00144639
003CZ-PrJAB
00520040310000000.0
008001122s1992 xr e |||| |cze
009cz
020 . ‡a80-04-26228-7
035 . ‡a(CONS)8798
035 . ‡aKPS7670
040 . ‡aABG450
041 . ‡acze
08214. ‡a491.865
100 . ‡72022 ‡aHavránek, Bohuslav
245 . ‡aStručná mluvnice česká / ‡cBohuslav Havráne, Alois Jedlička
250 . ‡a24. upravené vyd.
260 . ‡aPraha ‡bStátní pedagogické nakladelství ‡c1992
300 . ‡a223 s.
653 . ‡aStručná mluvnice česká
700 . ‡72023 ‡aJedlička, Alois
8524 . ‡bETS ‡bETS ‡cVolný výběr ‡j491.865 ‡gA ‡p424470008361
910 . ‡aABG450
999 . ‡a8798 ‡bAUTOGEN ‡c8798 ‡tbiblio
905 . ‡uadmin
901 . ‡a44639 ‡b ‡c44639 ‡tbiblio ‡sets

Additional Resources